00577 a2200145 4500020001500000082001600015100002100031245009000052260004200142300003100184650002400215999001500239952009600254952008100350 a0471929565 a624.171 CRI aCrisfield, M. A. aNon Linear Finite Element Analysus of Solids and Structures [ vol 2]cM. A. Crisfield aEngland :bJohn Wiley and Sons,c1991 axv, 345p. :bill. ;c28 cm aStructural Analysis c1238d1238 00104070aNITbNITcCEd0000-00-00l0o624.171 CRIpNIT-4124 r2017-01-05w2017-01-05yBK 00104070aNITbNITcCEd0000-00-00l0pNIT-765r2017-01-05w2017-01-05yBK